| 000 -LEADER |
| fixed length control field |
00758nam a22001577a 4500 |
| 003 - CONTROL NUMBER IDENTIFIER |
| control field |
OSt |
| 005 - DATE AND TIME OF LATEST TRANSACTION |
| control field |
20151203085032.0 |
| 008 - FIXED-LENGTH DATA ELEMENTS--GENERAL INFORMATION |
| fixed length control field |
151203b xxu||||| |||| 00| 0 eng d |
| 040 ## - CATALOGING SOURCE |
| Transcribing agency |
RUA |
| 082 ## - DEWEY DECIMAL CLASSIFICATION NUMBER |
| Classification number |
FIS KEO 2006 B178 Or.1 |
| 100 ## - MAIN ENTRY--PERSONAL NAME |
| 9 (RLIN) |
4176 |
| Personal name |
KEO CHANMALIRATH; កែវ ច័ន្ទម៉ាលីរត្ន |
| 245 ## - TITLE STATEMENT |
| Title |
The effect of combination of effectiive micro organisms with feed ingredients on growth of climbing perch(Anabas testudineus), ឥទ្ធិពលនៃអតិសុខុមប្រាណ (EM) លាយជាមួយចុំណីផ្សំទៅលើការលូតលាស់របស់ត្រីក្រាញ់. |
| 260 ## - PUBLICATION, DISTRIBUTION, ETC. (IMPRINT) |
| Place of publication, distribution, etc. |
Phnom Penh |
| Name of publisher, distributor, etc. |
RUA |
| Date of publication, distribution, etc. |
2006 |
| 300 ## - PHYSICAL DESCRIPTION |
| Extent |
x; 38p. |
| Other physical details |
ill. |
| Dimensions |
29cm. |
| 942 ## - ADDED ENTRY ELEMENTS (KOHA) |
| Source of classification or shelving scheme |
|
| Koha item type |
FIS |